[Event "Gibtelecom Masters"]
[Site "Catalan Bay ENG"]
[Date "2007.02.01"]
[Round "9"]
[White "Kristjansson,St"]
[Black "Gunnarsson,J"]
[Result "1/2-1/2"]
[WhiteElo "2485"]
[BlackElo "2419"]
[EventDate "2007.01.23"]

1. e4 e5 2. Nf3 Nf6 3. Nxe5 d6 4. Nf3 Nxe4 5. Qe2 Qe7 6. d3 Nf6 7. Bg5
Qxe2+ 8. Bxe2 Be7 9. Nbd2 Nd5 10. Bxe7 Nxe7 11. O-O O-O 12. Rfe1 Nbc6 13.
c3 Bg4 14. d4 a6 15. h3 Bxf3 16. Bxf3 Rfe8 17. Kf1 Rad8 18. Bxc6 Nxc6 19.
Rxe8+ Rxe8 20. Re1 Kf8 21. Rxe8+ Kxe8 22. Ke2 d5 23. Nf1 Kd7 24. Ne3 Ne7
25. g3 Ke6 26. Ng2 f6 27. Kf3 Ng6 28. Nf4+ Nxf4 29. Kxf4 g6 30. g4 1/2-1/2

[Event "Gibtelecom Masters"]
[Site "Catalan Bay ENG"]
[Date "2007.02.01"]
[Round "9"]
[White "Teran Alvarez,I"]
[Black "Wallace,P"]
[Result "0-1"]
[WhiteElo "2417"]
[BlackElo "2274"]
[EventDate "2007.01.23"]

1. e4 e5 2. Nf3 Nc6 3. Bb5 Bc5 4. c3 Nf6 5. O-O Nxe4 6. d4 Be7 7. dxe5 O-O
8. Qd5 Nc5 9. Be3 d6 10. Bxc5 dxc5 11. Qe4 Be6 12. Bc4 Qd7 13. Na3 Rad8 14.
Rfe1 a6 15. Bxe6 Qxe6 16. Nc4 Rd7 17. Rad1 Rfd8 18. Rxd7 Rxd7 19. a4 b5 20.
axb5 axb5 21. Ne3 f6 22. Nf5 g6 23. Nh6+ Kf8 24. h4 Nxe5 25. Nh2 Qd5 26.
Qe2 Qd3 27. N6g4 0-1

[Event "Gibtelecom Masters"]
[Site "Catalan Bay ENG"]
[Date "2007.02.01"]
[Round "9"]
[White "Felgaer,R"]
[Black "Dunn,An1"]
[Result "1-0"]
[WhiteElo "2556"]
[BlackElo "2190"]
[EventDate "2007.01.23"]

1. e4 c6 2. Nc3 d5 3. Nf3 Bg4 4. h3 Bxf3 5. Qxf3 e6 6. d3 Nf6 7. Bd2 Nbd7
8. g4 Bb4 9. a3 Ba5 10. g5 Ng8 11. d4 Ne7 12. Bd3 Bb6 13. Ne2 g6 14. O-O-O
dxe4 15. Qxe4 Nf5 16. h4 Qe7 17. Bb4 Nd6 18. Qf4 Bc7 19. Qf3 O-O-O 20. c4
Rhe8 21. Rhe1 a5 22. Bc3 Nf5 23. Qh3 c5 24. d5 Qf8 25. Kb1 Ne5 26. Bc2 Nxc4
27. Ba4 Re7 28. Bf6 Rxd5 29. Bxe7 Nxe7 30. Nc3 Qg7 31. Bb3 Rd4 32. Bxc4
Rxc4 33. Rxe6 1-0

[Event "Gibtelecom Masters"]
[Site "Catalan Bay ENG"]
[Date "2007.02.01"]
[Round "9"]
[White "Carlsson,P"]
[Black "Kvisla,J"]
[Result "1-0"]
[WhiteElo "2492"]
[BlackElo "2134"]
[EventDate "2007.01.23"]

1. e4 e5 2. Nf3 Nc6 3. Bb5 a6 4. Ba4 Nf6 5. O-O b5 6. Bb3 Bc5 7. c3 d6 8.
d4 Bb6 9. Bg5 h6 10. Bh4 O-O 11. Qd3 Bg4 12. Nbd2 Re8 13. Rae1 Nb8 14. dxe5
dxe5 15. Nxe5 Qxd3 16. Nxd3 g5 17. e5 gxh4 18. exf6 Nd7 19. Re7 Rxe7 20.
fxe7 Re8 21. Re1 c5 22. Bd5 Be6 23. Bxe6 fxe6 24. Rxe6 Kf7 25. Rxh6 Rxe7
26. Rh7+ Kf8 27. Rxe7 Kxe7 28. b3 Nf6 29. Kf1 Kd6 30. c4 Ba5 31. Ke2 Bxd2
32. Kxd2 bxc4 33. bxc4 Ne4+ 34. Kc2 Ng5 35. h3 Ne6 36. Kb3 Kc6 37. Ne5+ Kd6
38. Ng6 Nd4+ 39. Ka4 Nc6 40. Kb3 Nd4+ 41. Ka4 Nc6 42. f4 Nb4 43. a3 Nd3 44.
f5 Ne1 45. Nxh4 Ke5 1-0

[Event "Gibtelecom Masters"]
[Site "Catalan Bay ENG"]
[Date "2007.02.01"]
[Round "9"]
[White "Simpson,J"]
[Black "Caruana,F"]
[Result "0-1"]
[WhiteElo "2267"]
[BlackElo "2492"]
[EventDate "2007.01.23"]

1. d4 Nf6 2. Nf3 e6 3. Nbd2 c5 4. e3 b6 5. Bd3 Bb7 6. O-O Be7 7. Qe2 d5 8.
c3 Nc6 9. dxc5 bxc5 10. e4 a5 11. e5 Nd7 12. Re1 Nf8 13. Nf1 Ng6 14. Bd2
Qb6 15. Rab1 Ba6 16. g3 Bxd3 17. Qxd3 Rb8 18. h4 h6 19. h5 Nf8 20. N1h2 Nd7
21. Ng4 c4 22. Qe2 Nc5 23. Be3 Qc7 24. Bxc5 Bxc5 25. b3 cxb3 26. axb3 O-O
27. Qd2 f5 28. Ngh2 Qf7 29. Nd4 Nxd4 30. cxd4 Bb4 31. Qd1 Bxe1 32. Qxe1
Qxh5 33. Qxa5 f4 34. g4 Qg6 35. Rb2 f3 36. Qd2 Ra8 37. Qd1 Rf4 0-1

[Event "Gibtelecom Masters"]
[Site "Catalan Bay ENG"]
[Date "2007.02.01"]
[Round "9"]
[White "Agdestein,Em"]
[Black "Lahno,Kateri"]
[Result "0-1"]
[WhiteElo "2116"]
[BlackElo "2456"]
[EventDate "2007.01.23"]

1. e4 d6 2. Bc4 Nf6 3. d3 Nc6 4. Nc3 Na5 5. Bb3 Nxb3 6. axb3 e5 7. f4 exf4
8. Bxf4 Be7 9. Nf3 O-O 10. O-O c6 11. Qe1 Kh8 12. Qf2 a6 13. Rae1 Bd7 14.
Nd4 Ng4 15. Qf3 Qb6 16. Be3 Rae8 17. Nf5 Nxe3 18. Qxe3 Qxe3+ 19. Rxe3 Bd8
20. Ref3 Bc7 21. Kh1 f6 22. h3 g6 23. Ne3 Kg7 24. Ncd1 Be6 25. Nc3 Rd8 26.
Ng4 Bxg4 27. hxg4 Rde8 28. d4 Ba5 29. Re3 d5 30. Rfe1 Kf7 31. e5 fxe5 32.
Rxe5 Rxe5 33. Rxe5 Bxc3 34. bxc3 Re8 35. Rxe8 Kxe8 36. g5 a5 0-1

[Event "Gibtelecom Masters"]
[Site "Catalan Bay ENG"]
[Date "2007.02.01"]
[Round "9"]
[White "Malmdin,N"]
[Black "Van Beek,Al"]
[Result "1-0"]
[WhiteElo "2231"]
[BlackElo "2399"]
[EventDate "2007.01.23"]

1. e4 e5 2. Nf3 Nc6 3. Nc3 Nf6 4. a3 Be7 5. d4 exd4 6. Nxd4 d6 7. Be2 O-O
8. Be3 Re8 9. Qd2 Ng4 10. Bxg4 Bxg4 11. f3 Bd7 12. O-O-O Ne5 13. f4 Nc4 14.
Qe2 Nxe3 15. Qxe3 c6 16. Qf3 b5 17. h4 Qb6 18. e5 b4 19. axb4 Qxb4 20. f5
dxe5 21. Nb3 Rad8 22. Ne4 f6 23. h5 h6 24. Rh4 Qb6 25. Rg4 Bc8 26. Re1 Kh8
27. Rg6 Rg8 28. g4 Kh7 29. g5 fxg5 30. f6 Rdf8 31. Nxg5+ Kh8 32. Ne4 Be6
33. Rf1 Bd5 34. Qf5 Qe3+ 35. Nbd2 Bxe4 36. Qxe4 Qxe4 37. Nxe4 gxf6 38.
Rxh6+ Kg7 39. Rg6+ Kf7 40. Ng5+ Ke8 41. Nh7 Rxg6 42. hxg6 Rg8 43. Nxf6+
Bxf6 44. Rxf6 Kd7 45. Kd2 a5 46. Ke3 Rh8 47. g7 Rg8 48. Rg6 Ke7 49. Ke4 Kf7
50. Kf5 e4 51. Rf6+ Ke7 52. Kg6 c5 53. Rf4 1-0

[Event "Gibtelecom Masters"]
[Site "Catalan Bay ENG"]
[Date "2007.02.01"]
[Round "9"]
[White "Ocana Roca,J"]
[Black "Ansell,S"]
[Result "0-1"]
[WhiteElo "2130"]
[BlackElo "2393"]
[EventDate "2007.01.23"]

1. e4 c5 2. Nf3 Nc6 3. d4 cxd4 4. Nxd4 e5 5. Nb5 d6 6. N1c3 a6 7. Na3 b5 8.
Nd5 Nf6 9. Bg5 Be7 10. Bxf6 Bxf6 11. c3 Bg5 12. Nc2 Rb8 13. a4 bxa4 14.
Ncb4 Bd7 15. Bxa6 Nxb4 16. Nxb4 Qa5 17. Bd3 Rxb4 18. cxb4 Qxb4+ 19. Kf1
Qxb2 20. h4 Bd8 21. Rxa4 Bb6 22. Qc2 Qxc2 23. Bxc2 Bb5+ 24. Ke1 Bxa4 25.
Bxa4+ Ke7 26. Ke2 Rc8 27. Bb3 g6 28. Kd3 f5 29. f3 Bd4 30. Bc4 Rb8 31. Rc1
Rb2 32. Rc2 Rb1 33. Ba2 Rd1+ 34. Rd2 Rh1 35. g3 Rf1 36. f4 Rf3+ 37. Ke2
Rxg3 38. fxe5 dxe5 39. Bg8 Re3+ 40. Kf1 Rxe4 41. Bxh7 Rf4+ 42. Ke2 Kf6 0-1

[Event "Gibtelecom Masters"]
[Site "Catalan Bay ENG"]
[Date "2007.02.01"]
[Round "9"]
[White "Spence,D"]
[Black "Dittmar,P"]
[Result "1/2-1/2"]
[WhiteElo "2166"]
[BlackElo "2351"]
[EventDate "2007.01.23"]

1. e4 c6 2. d4 d5 3. Nc3 dxe4 4. Nxe4 Nd7 5. Ng5 Ngf6 6. Bd3 e6 7. N1f3 Bd6
8. Qe2 h6 9. Ne4 Nxe4 10. Qxe4 Nf6 11. Qe2 Qc7 12. Bd2 b6 13. O-O-O Bb7 14.
Kb1 O-O-O 15. Ba6 Bxa6 16. Qxa6+ Qb7 17. Qe2 Rhe8 18. Rhe1 Re7 19. Ne5 Bxe5
20. dxe5 Ne8 21. c4 Red7 22. Bc3 c5 23. f3 h5 24. Bd2 g6 25. Bg5 Rxd1+ 26.
Rxd1 Rxd1+ 27. Qxd1 Qd7 28. Qxd7+ Kxd7 29. Kc2 Nc7 30. Kd3 Na6 31. a3 Nb8
32. Bd2 Kc6 33. g4 a6 34. b3 Kd7 35. Ke4 Nc6 36. Bc3 b5 37. Kd3 Kc7 38. a4
b4 39. Bb2 Kd7 40. h3 Ke7 41. f4 hxg4 42. hxg4 g5 43. fxg5 Kf8 44. g6 fxg6
45. Ba1 Kf7 46. Bb2 Kg7 47. g5 Kf7 48. Ba1 Ke8 49. Bb2 Kd7 50. Ba1 Nd8 51.
Ke4 Kc7 52. Bb2 Kb6 53. Ba1 Nc6 54. Kd3 Ne7 55. Bb2 Nf5 56. Ke4 Ka5 57. Ba1
Ng3+ 58. Ke3 Kb6 59. Bb2 Nf5+ 60. Ke4 Nh4 61. Bc1 Kc6 62. Bb2 Nf5 63. Ba1
Kb6 64. Bb2 Ka5 65. Ba1 Ne7 66. Kd3 Nc8 67. Bb2 Nb6 68. Bc1 Nd7 69. Bb2 Kb6
70. Ba1 Nf8 71. Bb2 Kb7 72. Ke4 Nd7 73. Kd3 Nb8 74. Ba1 Nc6 75. Bb2 Na5 76.
Kc2 Kc6 77. Ba1 Kd7 78. Bb2 Ke8 79. Ba1 Nc6 80. Kd3 Nd8 81. Ke4 Nf7 82. Kf4
Kd7 83. Bb2 Kc7 84. Ba1 Kb6 85. Bb2 Ka5 86. Ba1 Nd8 87. Ke4 Nc6 88. Kd3 Ne7
89. Bb2 Nf5 90. Ke4 Ng3+ 91. Ke3 Nf1+ 92. Ke2 Ng3+ 1/2-1/2

[Event "Gibtelecom Masters"]
[Site "Catalan Bay ENG"]
[Date "2007.02.01"]
[Round "9"]
[White "Borvander,T"]
[Black "Quillan,G"]
[Result "1-0"]
[WhiteElo "2161"]
[BlackElo "2354"]
[EventDate "2007.01.23"]

1. d4 e6 2. c4 Nf6 3. Nc3 c5 4. d5 exd5 5. cxd5 d6 6. Nf3 g6 7. Nd2 Bg7 8.
e4 O-O 9. Be2 Re8 10. O-O Na6 11. f3 Rb8 12. a4 Nb4 13. Nc4 a6 14. Bf4 Bf8
15. g4 b5 16. axb5 axb5 17. Na3 h5 18. h3 hxg4 19. hxg4 Bxg4 20. fxg4 Nxe4
21. Bf3 Ng5 22. Bg2 c4 23. Qd2 Nh7 24. Ncxb5 Rxb5 25. Nxb5 Qb6+ 26. Qf2
Qxb5 27. Bxd6 Bxd6 28. Qxf7+ Kh8 29. Qxg6 Qc5+ 30. Kh1 Rg8 31. Qh5 Qd4 32.
Rf7 Qd3 33. Re1 Qg6 34. Re6 Qxh5+ 35. gxh5 Bf8 36. Rg6 Ng5 37. Rf5 Be7 38.
d6 Bd8 39. Rxg8+ Kxg8 40. Rb5 Na6 41. Bb7 1-0

[Event "Gibtelecom Masters"]
[Site "Catalan Bay ENG"]
[Date "2007.02.01"]
[Round "9"]
[White "Klinova,M"]
[Black "Sharp,D"]
[Result "1-0"]
[WhiteElo "2330"]
[BlackElo "2085"]
[EventDate "2007.01.23"]

1. e4 e5 2. Nf3 Nc6 3. Bc4 Nf6 4. d3 Be7 5. O-O d6 6. Bb3 O-O 7. c3 Bg4 8.
Nbd2 Na5 9. Bc2 c5 10. h3 Bh5 11. Re1 Qc7 12. Nf1 Nc6 13. g4 Bg6 14. Ng3
Rfd8 15. Nh4 d5 16. Qf3 dxe4 17. dxe4 Bf8 18. Nhf5 Ne8 19. g5 Rd7 20. Bb3
Ne7 21. Nxe7+ Rxe7 22. Bd5 Rb8 23. h4 Rd8 24. Be3 Kh8 25. h5 Rxd5 26. exd5
Bd3 27. b3 b5 28. b4 Rd7 29. a4 Nd6 30. Bxc5 Re7 31. axb5 Nxb5 32. d6 Nxd6
33. Rxa7 Qd8 34. Ra8 Nc8 35. Bxe7 Bxe7 36. Qc6 1-0

[Event "Gibtelecom Masters"]
[Site "Catalan Bay ENG"]
[Date "2007.02.01"]
[Round "9"]
[White "Meenakshi,S1"]
[Black "Soraas,T"]
[Result "1-0"]
[WhiteElo "2293"]
[BlackElo "2155"]
[EventDate "2007.01.23"]

1. d4 Nf6 2. Nc3 d5 3. Nf3 e6 4. Bf4 Be7 5. e3 O-O 6. h3 b6 7. Be2 Bb7 8.
Nb5 Na6 9. a4 c6 10. Na3 Ne4 11. O-O Bd6 12. Ne5 f6 13. Nd3 Qe7 14. Bxd6
Nxd6 15. f4 Nb8 16. Rc1 Ba6 17. Qe1 Nd7 18. a5 Rac8 19. b4 Rc7 20. axb6
axb6 21. Ra1 Ra8 22. Nb1 Rca7 23. Nd2 Nf5 24. Qf2 Bxd3 25. Rxa7 Rxa7 26.
Bxd3 Qxb4 27. Rb1 Qc3 28. Rb3 Ra1+ 29. Kh2 Qa5 30. e4 Ne7 31. f5 e5 32.
dxe5 Nxe5 33. Rxb6 Qa7 34. Qc5 Nc8 35. Rxc6 Nxc6 36. Qxc6 Qb8+ 37. g3 Nb6
38. exd5 h5 39. Qe6+ Kh8 40. Nf3 Na4 41. Qf7 Nc5 42. Qxh5+ Kg8 43. Ng5 fxg5
44. f6 Rh1+ 45. Kxh1 Qb1+ 46. Kh2 Nxd3 47. Qe8+ Kh7 48. Qe4+ Kg8 49. Qxd3
Qe1 50. d6 1-0

[Event "Gibtelecom Masters"]
[Site "Catalan Bay ENG"]
[Date "2007.02.01"]
[Round "9"]
[White "Andreassen,L"]
[Black "Ruxton,K"]
[Result "0-1"]
[WhiteElo "2160"]
[BlackElo "2282"]
[EventDate "2007.01.23"]

1. d4 Nf6 2. c4 g6 3. Nf3 Bg7 4. g3 O-O 5. Bg2 d6 6. O-O Nbd7 7. Nc3 e5 8.
e4 a6 9. Re1 exd4 10. Nxd4 Ng4 11. Qxg4 Bxd4 12. Qe2 Bg7 13. Be3 c6 14.
Rad1 Qe7 15. f4 Qe6 16. Bd4 Bh6 17. f5 Qe7 18. Qf2 Re8 19. Rf1 Ne5 20. Bxe5
dxe5 21. c5 Bf8 22. Na4 Bd7 23. Bh3 gxf5 24. Bxf5 Rad8 25. Rd6 b5 26. Bxd7
Rxd7 27. Qf5 Red8 28. Nb6 Rxd6 29. cxd6 Qxd6 30. Nc8 Qg6 31. Qxe5 Rxc8 32.
Rf6 Qg7 33. Qf5 Re8 34. e5 h6 35. Kg2 Qg5 36. e6 Rxe6 0-1

[Event "Gibtelecom Masters"]
[Site "Catalan Bay ENG"]
[Date "2007.02.01"]
[Round "9"]
[White "Vea,O"]
[Black "Rasch,H"]
[Result "1-0"]
[WhiteElo "2147"]
[BlackElo "2272"]
[EventDate "2007.01.23"]

1. e4 c5 2. a3 g6 3. d4 cxd4 4. c3 dxc3 5. Nxc3 Bg7 6. Bc4 Nc6 7. Nf3 d6 8.
Qb3 e6 9. Bf4 Nge7 10. Rd1 O-O 11. Rxd6 Qc7 12. Nb5 Qb8 13. Bg3 e5 14.
Bxf7+ Kh8 15. Rd2 a6 16. Nc3 Na5 17. Qa2 b5 18. O-O Nac6 19. Be6 b4 20.
axb4 Qxb4 21. Bxc8 Rfxc8 22. Rfd1 h6 23. Nd5 Qxe4 24. Nxe7 Nxe7 25. Re1 Qb4
26. Rde2 Nc6 27. Nxe5 Nd4 28. Re4 Qd2 29. h4 Rc1 30. Rxc1 Qxc1+ 31. Kh2 Nf5
32. Nxg6+ Kh7 33. Qf7 Nxg3 34. fxg3 Qxb2 35. Qf5 Qf6 36. Nf8+ Kg8 37. Qd5+
1-0

[Event "Gibtelecom Masters"]
[Site "Catalan Bay ENG"]
[Date "2007.02.01"]
[Round "9"]
[White "Saint Amand,P"]
[Black "Adnani,M"]
[Result "1/2-1/2"]
[WhiteElo "2150"]
[BlackElo "2265"]
[EventDate "2007.01.23"]

1. e4 c5 2. Nf3 Nc6 3. c3 e6 4. d4 d5 5. exd5 exd5 6. Be3 cxd4 7. Nxd4 Nf6
8. Be2 Bd6 9. O-O a6 10. Nd2 Qc7 11. h3 O-O 12. N2f3 Re8 13. Re1 Ne7 14.
Bd3 Ng6 15. Nf5 Bc5 16. Bxc5 Rxe1+ 17. Qxe1 Qxc5 18. Qe3 Qxe3 19. Nxe3 Nf4
20. Bc2 Be6 21. Rd1 Re8 22. Bb3 Kf8 23. Kf1 Ke7 24. Rd4 Ng6 25. Bxd5 Nxd5
26. Nxd5+ Bxd5 27. Rxd5 Rc8 28. g3 Rc6 29. Ke2 Rb6 30. b3 Re6+ 31. Kd2 Rf6
32. Rd3 Nf8 33. Ke2 Ne6 34. Rd5 Nc7 35. Rd4 Re6+ 36. Kd2 Rf6 37. Rd3 g5 38.
Re3+ Kd6 39. Nxg5 Rxf2+ 40. Re2 Rf1 41. Ne4+ Kc6 42. Rf2 Ra1 43. Rxf7 Rxa2+
44. Kd3 a5 45. c4 Ra3 46. Kc2 Ra2+ 47. Kc3 b5 48. Rf6+ Kd7 49. Rf7+ Kc6 50.
cxb5+ Nxb5+ 51. Kc4 Na3+ 52. Kd3 Rb2 53. Nd2 Nb1 54. Nxb1 Rxb1 55. Kc3 Rc1+
56. Kd4 Rd1+ 57. Kc3 Rc1+ 58. Kd2 Rg1 59. Rg7 Kc5 60. Kc3 Rc1+ 61. Kb2 Rg1
62. g4 h5 63. Rc7+ Kb6 64. Rc4 Rg3 65. Rf4 h4 66. g5 Rxh3 67. Rg4 Rh2+ 68.
Kc3 h3 69. g6 Rg2 70. Rh4 1/2-1/2

[Event "Gibtelecom Masters"]
[Site "Catalan Bay ENG"]
[Date "2007.02.01"]
[Round "9"]
[White "Navarro Torres,P"]
[Black "Nemcova,Kat"]
[Result "1/2-1/2"]
[WhiteElo "2235"]
[BlackElo "2147"]
[EventDate "2007.01.23"]

1. e4 c5 2. d4 cxd4 3. c3 dxc3 4. Nxc3 e6 5. Nf3 Nc6 6. Bc4 Qc7 7. Qe2 Nf6
8. e5 Ng4 9. Bf4 f6 10. Nd5 Qa5+ 11. Bd2 Qd8 12. exf6 Nxf6 13. Nxf6+ Qxf6
14. O-O Be7 15. Bc3 Qf7 16. Ne5 Nxe5 17. Bxe5 O-O 18. Rad1 d5 19. Bb3 Bd7
20. f4 Bc6 21. Bc2 Bf6 22. Rde1 Rac8 23. a4 Bxe5 24. Qxe5 Bd7 1/2-1/2

[Event "Gibtelecom Masters"]
[Site "Catalan Bay ENG"]
[Date "2007.02.01"]
[Round "9"]
[White "Compton,A"]
[Black "Narayanan,S"]
[Result "1-0"]
[WhiteElo "2093"]
[BlackElo "2229"]
[EventDate "2007.01.23"]

1. e4 c5 2. Nc3 a6 3. Nf3 d6 4. d4 cxd4 5. Nxd4 Nf6 6. Be3 e6 7. g3 b5 8.
a3 Bb7 9. Bg2 Qc7 10. O-O Be7 11. Qe2 Nbd7 12. f4 O-O 13. Nb3 Rac8 14. Rae1
Nb6 15. Nd2 d5 16. e5 Nfd7 17. Qf2 Bxa3 18. bxa3 Qxc3 19. Bxb6 Nxb6 20.
Qxb6 Qxd2 21. Rd1 Qc3 22. Qxb7 Qc5+ 23. Kh1 Rfd8 24. a4 Ra8 25. axb5 axb5
26. Ra1 Rab8 27. Qa7 Qxc2 28. f5 exf5 29. Bxd5 Rbc8 30. Qxf7+ Kh8 31. Ra7
Rg8 32. Qxf5 Qe2 33. Be4 1-0

[Event "Gibtelecom Masters"]
[Site "Catalan Bay ENG"]
[Date "2007.02.01"]
[Round "9"]
[White "Ramaswamy,A"]
[Black "Dekker,Al"]
[Result "0-1"]
[WhiteElo "2224"]
[BlackElo "2144"]
[EventDate "2007.01.23"]

1. e4 c5 2. Nf3 d6 3. d4 cxd4 4. Nxd4 Nf6 5. Nc3 a6 6. Bg5 e6 7. f4 Qb6 8.
Qd2 Qxb2 9. Rb1 Qa3 10. f5 Nc6 11. fxe6 fxe6 12. Nxc6 bxc6 13. Bxf6 gxf6
14. e5 dxe5 15. Ne4 Be7 16. Be2 h5 17. O-O f5 18. Nc3 Qd6 19. Qe1 e4 20.
Na4 Qd4+ 21. Kh1 Qxa4 22. Qc3 Rh7 23. Bxh5+ Rxh5 24. Qg7 Rg5 25. Qh8+ Kf7
26. Qh7+ Rg7 27. Qh5+ Kg8 28. Rb3 Qc4 29. Rd1 e3 30. Rd8+ Bf8 31. Rxf8+
Kxf8 32. Rd3 Ke7 33. Qh8 Qg4 34. Qd8+ Kf7 35. Qc7+ Kg8 36. Qxc6 Bb7 37.
Qxe6+ Kh7 0-1

[Event "Gibtelecom Masters"]
[Site "Catalan Bay ENG"]
[Date "2007.02.01"]
[Round "9"]
[White "Tscharotschkin,M"]
[Black "Millward,R"]
[Result "1-0"]
[WhiteElo "2197"]
[BlackElo "2140"]
[EventDate "2007.01.23"]

1. e4 c5 2. c3 d5 3. exd5 Qxd5 4. d4 cxd4 5. cxd4 Nc6 6. Nf3 Bg4 7. Nc3
Bxf3 8. gxf3 Qxd4 9. Qxd4 Nxd4 10. Nb5 Nc2+ 11. Kd1 Nxa1 12. Nc7+ Kd7 13.
Nxa8 Nf6 14. Be3 b6 15. Bb5+ Kd8 16. Ke2 Nd5 17. Rxa1 e6 18. Bc6 Bd6 19.
Bxd5 exd5 20. Nxb6 axb6 21. Bxb6+ Kd7 22. Bd4 f6 23. Rg1 Re8+ 24. Kd3 Re7
25. h3 Bh2 26. Rh1 Bf4 27. b4 Kc6 28. a4 Rb7 29. b5+ Kd6 30. Rb1 Be5 31. a5
Rc7 32. b6 Rc4 33. Bxe5+ fxe5 34. b7 1-0

[Event "Gibtelecom Masters"]
[Site "Catalan Bay ENG"]
[Date "2007.02.01"]
[Round "9"]
[White "Johnsen Kjell,M"]
[Black "Osuna Vega,E"]
[Result "1/2-1/2"]
[WhiteElo "1890"]
[BlackElo "2177"]
[EventDate "2007.01.23"]

1. d4 Nf6 2. c4 e6 3. Nf3 b6 4. g3 Ba6 5. b3 Bb4+ 6. Bd2 Be7 7. Nc3 Bb7 8.
Bg2 O-O 9. O-O Ne4 10. Nxe4 Bxe4 11. Ne1 Bxg2 12. Nxg2 d5 13. Bc3 c6 14.
Qd3 Nd7 15. Rfd1 Bf6 16. Rac1 Rc8 17. Ne1 Re8 18. Qd2 Bg5 19. e3 Nf6 20.
Nf3 Ne4 21. Qe2 Bf6 22. Bb2 Qe7 23. Qe1 Red8 24. Qe2 Qb7 25. cxd5 cxd5 26.
Ne1 g6 27. f3 Nd6 28. Rxc8 Rxc8 29. Rc1 Bg5 30. Kf2 Nf5 31. Rxc8+ Qxc8 32.
Ng2 h5 33. Qd2 Qb8 34. Qc3 h4 35. Nf4 hxg3+ 36. hxg3 Bxf4 37. exf4 Ne7 38.
Ba3 Qc8 39. Qxc8+ Nxc8 40. Ke3 f6 41. Bb4 a6 42. Kd3 Kf7 43. Ke3 Na7 44.
Bc3 Nc6 45. Kd3 Ke7 46. Ke3 Kd7 47. Kd3 Ne7 48. g4 Ng8 49. Bb4 Nh6 50. Bf8
Nf7 51. Bb4 Kc6 52. Be7 f5 53. Bf8 fxg4 54. fxg4 Kd7 55. Ke3 Ke8 56. Bb4
Nd8 57. Bd6 Kd7 58. Bf8 Nc6 59. Ba3 Nb8 60. Kf3 Ke8 61. Bd6 Nd7 62. f5 gxf5
63. gxf5 Kf7 64. Kf4 Nf6 65. Bc7 Nd7 66. Bd8 b5 67. Bh4 a5 68. Bd8 a4 69.
Bh4 axb3 70. axb3 Nb8 71. Ke5 Nc6+ 72. Kd6 Nxd4 73. fxe6+ Nxe6 74. Kxd5
Nf4+ 75. Kc5 Nd3+ 76. Kxb5 Nc1 77. b4 Nd3 1/2-1/2

[Event "Gibtelecom Masters"]
[Site "Catalan Bay ENG"]
[Date "2007.02.01"]
[Round "9"]
[White "Obers,F"]
[Black "Wade,R"]
[Result "1/2-1/2"]
[WhiteElo "2071"]
[BlackElo "2173"]
[EventDate "2007.01.23"]

1. d4 d6 2. e4 g6 3. Bd3 Bg7 4. Nf3 Bg4 5. c3 c5 6. dxc5 dxc5 7. Bb5+ Bd7
8. Bxd7+ Qxd7 9. Qxd7+ Nxd7 10. a4 Ngf6 11. Nfd2 Ne5 12. Ke2 O-O-O 13. f3
Nd3 14. Nc4 Nxc1+ 15. Rxc1 Nh5 16. g3 f5 17. exf5 gxf5 18. Nba3 f4 19. Kf2
fxg3+ 20. hxg3 Nf6 21. Rd1 Rxd1 22. Rxd1 Rd8 23. Rxd8+ Kxd8 24. f4 a6 25.
Kf3 Kc7 26. Ne5 Nd7 27. Nxd7 Kxd7 28. Ke4 e6 29. Nc4 b5 30. axb5 axb5 31.
Ne5+ Kd6 32. Nf3 Bf6 33. g4 Kc6 34. Ne5+ Kd6 35. Nf3 Kc6 36. Ne5+ Kd6 37.
Nf3 1/2-1/2

[Event "Gibtelecom Masters"]
[Site "Catalan Bay ENG"]
[Date "2007.02.01"]
[Round "9"]
[White "Hickman,J"]
[Black "Klokas,K"]
[Result "1-0"]
[WhiteElo "2052"]
[BlackElo "2231"]
[EventDate "2007.01.23"]

1. e4 c5 2. Nf3 Nc6 3. Bb5 g6 4. Bxc6 dxc6 5. d3 Bg7 6. h3 Nf6 7. Nc3 Nd7
8. Be3 e5 9. Qd2 Qe7 10. O-O Nf8 11. a3 Ne6 12. Rfb1 Nd4 13. Qd1 g5 14. Nh2
h5 15. Ne2 g4 16. c3 Nxe2+ 17. Qxe2 gxh3 18. g3 a5 19. Rd1 Be6 20. d4 exd4
21. cxd4 Bb3 22. Rd2 Qxe4 23. f3 Qe6 24. dxc5 Bd5 25. Re1 O-O-O 26. Bd4 Qg6
27. Qf2 Rhg8 28. Bxg7 Rxg7 29. Nf1 h4 30. Kh2 Rdg8 31. g4 f5 32. Ne3 fxg4
33. fxg4 Be4 34. Rd6 Qg5 35. Qf6 Qxf6 36. Rxf6 Bg2 37. Nf5 Rd7 38. Ne7+ Kb8
39. Nxg8 Rd2 40. Ne7 Bf1+ 41. Kg1 h2+ 42. Kh1 1-0

[Event "Gibtelecom Masters"]
[Site "Catalan Bay ENG"]
[Date "2007.02.01"]
[Round "9"]
[White "Hartvig,O"]
[Black "Mcgrane,S"]
[Result "1-0"]
[WhiteElo "2225"]
[BlackElo "2031"]
[EventDate "2007.01.23"]

1. e4 c5 2. Nf3 d6 3. d4 cxd4 4. Nxd4 Nf6 5. Nc3 g6 6. Be3 Bg7 7. f3 O-O 8.
Bc4 Nc6 9. Qd2 a5 10. Bb3 Bd7 11. a4 Nb4 12. O-O-O Bc6 13. g4 Ne8 14. Bh6
d5 15. h4 e6 16. Bxg7 Kxg7 17. h5 g5 18. exd5 Nxd5 19. Nxd5 exd5 20. Nf5+
Kh8 21. Bxd5 Bxd5 22. Qxd5 Qxd5 23. Rxd5 Nf6 24. Rd6 Ne8 25. Rd7 Ng7 26.
Nh6 f6 27. Re1 Rae8 28. Rxe8 Nxe8 29. Nf5 1-0

[Event "Gibtelecom Masters"]
[Site "Catalan Bay ENG"]
[Date "2007.02.01"]
[Round "9"]
[White "Strand,H"]
[Black "Tredinnick,M"]
[Result "0-1"]
[WhiteElo "2015"]
[BlackElo "2189"]
[EventDate "2007.01.23"]

1. e4 c5 2. a3 Nc6 3. b4 cxb4 4. axb4 e6 5. b5 Nb8 6. d4 d5 7. e5 Bd7 8.
Bd3 Qb6 9. Ne2 Bxb5 10. Ba3 Bxa3 11. Nxa3 Bxd3 12. Qxd3 Ne7 13. O-O O-O 14.
f4 Nbc6 15. Kh1 Qc7 16. g4 a6 17. Rf3 f5 18. Rh3 g6 19. Rg1 Rf7 20. c3 Na5
21. gxf5 Nxf5 22. Ng3 Nxg3+ 23. Rhxg3 Kf8 24. Qe3 Ke7 25. c4 Nxc4 26. Nxc4
Qxc4 27. Qa3+ Ke8 28. Rc1 Qxd4 29. Qd6 Qe4+ 0-1

[Event "Gibtelecom Masters"]
[Site "Catalan Bay ENG"]
[Date "2007.02.01"]
[Round "9"]
[White "Player,E"]
[Black "Campbell,I"]
[Result "1-0"]
[WhiteElo "2142"]
[BlackElo "2008"]
[EventDate "2007.01.23"]

1. e4 Nf6 2. Nc3 d5 3. exd5 Nxd5 4. Bc4 Nb6 5. Bb3 g6 6. d4 Bg7 7. Be3 Nc6
8. Nge2 Na5 9. O-O O-O 10. Ne4 Nxb3 11. axb3 Nd5 12. Bd2 b6 13. c4 Nf6 14.
N4c3 Bb7 15. Qc1 Re8 16. Bf4 a6 17. Be5 Qd7 18. h3 Rad8 19. Qe3 e6 20. Ng3
Qc8 21. Qf4 Nd7 22. Bxg7 Kxg7 23. Nce4 h6 24. Rad1 f5 25. Nc3 Re7 26. Rfe1
Rde8 27. Rd2 g5 28. Qe3 Kg6 29. Rde2 Nf6 30. Qd3 Qd7 31. Re5 Kf7 32. Qd1
Qc6 33. d5 Qd7 34. dxe6+ Rxe6 35. Qxd7+ Nxd7 36. Rxf5+ Kg6 37. Rxe6+ Rxe6
38. f3 Nc5 39. Nd5 Re1+ 40. Kh2 Nxb3 41. Rf6+ Kg7 42. Nf5+ 1-0

[Event "Gibtelecom Masters"]
[Site "Catalan Bay ENG"]
[Date "2007.02.01"]
[Round "9"]
[White "Walton,C"]
[Black "Jameson,D"]
[Result "1-0"]
[WhiteElo "2135"]
[BlackElo "1972"]
[EventDate "2007.01.23"]

1. e4 c6 2. d4 d5 3. e5 Bf5 4. Nd2 e6 5. g4 Bg6 6. Ne2 Be7 7. Nf4 Nd7 8. a3
c5 9. c3 cxd4 10. cxd4 Bg5 11. Nb1 Be4 12. Rg1 Bxb1 13. Rxb1 a6 14. Bd3 Rc8
15. Be3 h6 16. Qf3 Ne7 17. Nh5 O-O 18. h4 Bxe3 19. Qxe3 Ng6 20. g5 Nxh4 21.
Nxg7 Kxg7 22. Qh3 h5 23. Qxh4 Rh8 24. Rg3 Rc6 25. Kf1 Qc8 26. Qf4 Qd8 27.
Kg2 Qe7 28. Rh1 a5 29. Rgh3 Nf8 30. Rxh5 Rxh5 31. Rxh5 Ng6 32. Qh2 Rb6 33.
Rh7+ Kg8 34. Rh8+ Nxh8 35. Qh7+ Kf8 36. Qxh8+ 1-0

[Event "Gibtelecom Masters"]
[Site "Catalan Bay ENG"]
[Date "2007.02.01"]
[Round "9"]
[White "Hamer,M"]
[Black "Fellousi,A"]
[Result "0-1"]
[WhiteElo "1987"]
[BlackElo "2118"]
[EventDate "2007.01.23"]

1. g4 d5 2. h3 e5 3. Bg2 Bc5 4. c4 Ne7 5. Nc3 dxc4 6. Qa4+ Nbc6 7. Qxc4 Bb6
8. Nf3 O-O 9. d3 Nd4 10. Nxd4 exd4 11. Ne4 Be6 12. Qa4 Bd5 13. Bf4 Bc6 14.
Qa3 Nd5 15. Bg3 a5 16. O-O Nb4 17. Rac1 f5 18. gxf5 Rxf5 19. b3 Qd7 20. Qb2
Rh5 21. a3 Nd5 22. Nc5 Bxc5 23. Rxc5 Nf4 24. Rxh5 Nxh5 25. Bxc6 bxc6 26.
Kh2 Rf8 27. Be5 Nf4 28. Bxf4 Rxf4 29. Rg1 Rxf2+ 30. Rg2 Rf1 31. h4 Qd6+ 32.
Kh3 Rh1+ 33. Kg4 Qg6+ 0-1